Fate, logic, and time /

Bibliographic Details
Main Author: Cahn, Steven M.
Format: Book
Language:English
Published: New Haven : Yale University Press, 1967.
Subjects:

MARC

Tag First Indicator Second Indicator Subfields
LEADER 00000cam a22000001 4500
001 in00000038573
005 20151007081135.0
008 740605s1967 ctu b 00010 eng
010 |a  67024491  
035 |a (OCoLC)00261964 
035 |9 AAF5933AM 
040 |a DLC  |c DLC  |d TXA  |d UtOrBLW 
049 |a TXAM  |c [472090] 
050 0 0 |a BD411  |b .C24 
082 0 |a 149/.8 
092 |a 149.8  |b C132f 
100 1 |a Cahn, Steven M. 
245 1 0 |a Fate, logic, and time /  |c by Steven M. Cahn. 
264 1 |a New Haven :  |b Yale University Press,  |c 1967. 
300 |a 150 pages ;  |c 21 cm. 
336 |a text  |b txt  |2 rdacontent 
337 |a unmediated  |b n  |2 rdamedia 
338 |a volume  |b nc  |2 rdacarrier 
504 |a Bibliography: pages [139]-145. 
650 0 |a Fate and fatalism. 
650 0 |a Free will and determinism. 
999 |a MARS 
999 f f |s f9dd0c68-1749-3cea-9487-63719d49c632  |i 4e86e9b5-7940-3cc9-87c7-6da019f3de59  |t 0 
952 f f |p ric  |a Texas A&M University  |b Rellis Campus  |c Joint Library Facility  |d Remote Storage  |t 0  |e BD411 .C24  |h Library of Congress classification  |i unmediated -- volume  |m A14800519577 
998 f f |a BD411 .C24  |t 0  |l Remote Storage